000 00321nam a2200133 i 4500
001 bg
100 1 _aNARSKI, Igor
245 0 _aDialektyczna sprzeczność i logika poznania /
_cIgor Narski.
260 _aWarszawa,
_c1980.
040 _cBPK
041 _apol
942 _cKS
008 s pl f |000 0 pol
999 _c21665
_d21665
856 _uhttp://koha.tu.koszalin.pl/cgi-bin/koha/opac-detail.pl?biblionumber=21665
_yKatalog online BPK